Spájkovanie elektrónovým lúčom

Uložené v:
Podrobná bibliografia
Hlavný autor: Kubisová, Daša (Autor)
Ďalší autori: Koleňák, Roman (Vedúci práce)
Médium: Rukopis Kniha
Jazyk:Slovak
Vydavateľské údaje: 2018
Predmet:
On-line prístup:http://is.stuba.sk/zp/portal_zp.pl?podrobnosti=123467
Tagy: Pridať tag
Žiadne tagy, Buďte prvý, kto otaguje tento záznam!

MARC

LEADER 00000ntm a22000003a 4500
001 stuzp67814
003 SK-STU
005 20180820155332.5
007 ta
008 150427s2015----xo-----f-mn---000-0-slo-d
040 |a STU  |b slo 
041 0 |a slo 
100 1 |a Kubisová, Daša  |u 063000  |4 aut  |U MTF Materiálovotechnologická fakulta  |T MTF Ústav výrobných technológií  |X 80129  |U M3000  |Y 83  |7 80129 
242 0 1 |a Elecron beam brazing  |y eng 
245 1 0 |a Spájkovanie elektrónovým lúčom 
260 |c 2018 
650 4 |a elektrónový lúč  |2 slo 
650 4 |a spájkovanie  |2 slo 
650 4 |a zváranie  |2 slo 
650 4 |a brazing  |2 eng 
650 4 |a welding  |2 eng 
650 4 |a electron beam  |2 eng 
700 1 |a Koleňák, Roman  |u 063700  |k Z1  |4 ths  |U MTF Ústav výrobných technológií  |T MTF Katedra zvárania a zlievarenstva  |X 2767  |U M3700  |Y 842  |7 A000002767 
856 4 |u http://is.stuba.sk/zp/portal_zp.pl?podrobnosti=123467 
996 |c M* BP-8295  |l MMSKP  |s P  |a 0  |w stuzp67814_0001